Top WWE/WCW Superstars of All-Time - Statistics

General Stats
  • This quiz has been taken 824 times
  • The average score is 25 of 50
Answer Stats
Answer % Correct
Hulk Hogan
92%
The Rock
88%
Undertaker
88%
Triple H
86%
John Cena
85%
Shawn Michaels
83%
Stone Cold Steve Austin
83%
Kane
81%
Kevin Nash
76%
Randy Orton
74%
edge
73%
Big Show
72%
Sting
70%
Razor Ramon/Scott Hall
69%
Chris Jericho
68%
'Macho Man' Randy Savage
65%
Kurt Angle
64%
Andre the Giant
63%
Goldberg
63%
'Nature Boy' Ric Flair
63%
Batista
61%
Rey Mysterio
61%
Bret 'The Hitman' Hart
60%
Chris Benoit
60%
Ultimate Warrior
60%
Mick Foley/Mankind/Cactus Jack/Dude Love
59%
Eddie Guerrero
58%
Jeff Hardy
58%
'Rowdy' Roddy Piper
43%
Yokozuna
42%
Bruno Sammartino
41%
Rob Van Dam
41%
'Mr. Perfect' Curt Hennig
33%
Ricky 'The Dragon' Steamboat
32%
Bob Backlund
30%
'Million Dollar Man' Ted Dibiase
30%
Sgt. Slaughter
30%
Iron Sheik
29%
Jake 'The Snake' Roberts
29%
Jimmy 'Superfly' Snuka
25%
'Ravishing' Rick Rude
24%
'Superstar' Billy Graham
23%
Pedro Morales
19%
'British Bulldog' Davey Boy Smith
17%
'Nature Boy' Buddy Rogers
17%
Pat Patterson
11%
Honky Tonk Man
10%
'Mr. Wonderful' Paul Orndorff
10%
Gorilla Monsoon
5%
Killer Kowalski
3%
No matching quizzes found
Score Distribution
Percent of People with Each Score
Percentile by Number Answered
Your Score History
You have not taken this quiz